01161cam a2200181 a 4500020002200000040000800022082002600030245004400056250002100100260007600121300003800197500005600235500005000291520053600341650001600877700002500893710006100918 a9251042837 (pbk.) cFQG00a333 FOO 2003 A015 Or.10aMultilingual thesaurus on land tenure / aEnglish version. aRome :bFood and Agriculture Organization of the United Nations,c2003. axi, 197 p. :bcol. ill. ;c21 cm. aTranslation of: Thésaurus multilingue du foncier. a"TC/M/X2038/E/1/10.03/2500"--P. [4] of cover. aMany countries are showing renewed interest in the different ways of accessing natural resources with a view to the eventual introduction of land tenure reforms, in the context of food security, worldwide poverty alleviation, environmental protection or quality of life. This English version constitutes the third volume of a linguistic polyptych, starting with the French and Spanish versions. The book covers the socio-cultural differences in the field of land tenure of the different linguistic contexts in which they are found. 0aLand tenure1 aCiparisse, Gérard,2 aFood and Agriculture Organization of the United Nations.